Acute rejection (Record no. 180421)
[ view plain ]
| 000 -LEADER | |
|---|---|
| fixed length control field | 01223nam a2200301Ia 4500 |
| 245 00 - TITLE STATEMENT | |
| Title | Acute rejection |
| 260 ## - PUBLICATION, DISTRIBUTION, ETC. (IMPRINT) | |
| Place of publication | Hauppauge, NY : |
| Name of publisher | Nova Science Publishers, Inc., |
| Year of publication | 2012. |
| 300 ## - PHYSICAL DESCRIPTION | |
| Number of Pages | xi, 197 p. |
| 490 0# - SERIES STATEMENT | |
| Series statement | Immunology and immune system disorders |
| 650 #0 - SUBJECT ADDED ENTRY--TOPICAL TERM | |
| Topical Term | Graft rejection. |
| Topical Term | Transplantation immunology. |
| 856 40 - ELECTRONIC LOCATION AND ACCESS | |
| Uniform Resource Identifier | http://site.ebrary.com/lib/rucke/Doc?id=10654705 |
No items available.
